A guide to Isaiah 40-66 / (Record no. 3760)

MARC details
000 -LEADER
fixed length control field 00578nam a22002057a 4500
003 - CONTROL NUMBER IDENTIFIER
control field GBCCL
005 - DATE AND TIME OF LATEST TRANSACTION
control field 20241126110502.0
008 - FIXED-LENGTH DATA ELEMENTS--GENERAL INFORMATION
fixed length control field 171208b xxu||||| |||| 00| 0 eng d
020 ## - INTERNATIONAL STANDARD BOOK NUMBER
International Standard Book Number 81-7214-279-X
040 ## - CATALOGING SOURCE
Transcribing agency gbc
082 ## - DEWEY DECIMAL CLASSIFICATION NUMBER
Classification number 224.1061
Item number HAM
100 ## - MAIN ENTRY--PERSONAL NAME
Personal name Hamlin, E. John
9 (RLIN) 7423
245 #2 - TITLE STATEMENT
Title A guide to Isaiah 40-66 /
Statement of responsibility, etc. E. John Hamlin
250 ## - EDITION STATEMENT
Edition statement 3rd Ed.
260 ## - PUBLICATION, DISTRIBUTION, ETC.
Name of publisher, distributor, etc. ISPCK,
Place of publication, distribution, etc. Delhi:
Date of publication, distribution, etc. 1995
300 ## - PHYSICAL DESCRIPTION
Extent 230 p.;
Other physical details ill.,
Accompanying material 23 cm.
440 ## - SERIES STATEMENT/ADDED ENTRY--TITLE
Title ISPCK International Study Guide
Volume/sequential designation 16
9 (RLIN) 9322
650 ## - SUBJECT ADDED ENTRY--TOPICAL TERM
Topical term or geographic name entry element Bible
Form subdivision Old Testament
General subdivision Isaiah 40-66
9 (RLIN) 11039
942 ## - ADDED ENTRY ELEMENTS (KOHA)
Edition 3rd
Source of classification or shelving scheme Dewey Decimal Classification
Koha item type Books
Koha issues (borrowed), all copies 17
Holdings
Withdrawn status Lost status Source of classification or shelving scheme Damaged status Not for loan Home library Current Library Shelving location Date acquired Total checkouts Total renewals Full call number Barcode Date last seen Date last checked out Copy number Price effective from Koha item type
    Dewey Decimal Classification     GRACE BIBLE COLLEGE GRACE BIBLE COLLEGE Biblical Studies 2017-12-08 4 1 224.1061 HAM 006003 2025-05-01 2025-02-04 c.1 2017-12-08 Books
    Dewey Decimal Classification     GRACE BIBLE COLLEGE GRACE BIBLE COLLEGE Biblical Studies 2017-12-08 1   224.1061 HAM 011979 2025-05-01 2022-08-05 c.3 2017-12-08 Books
    Dewey Decimal Classification     GRACE BIBLE COLLEGE GRACE BIBLE COLLEGE Biblical Studies 2017-12-08 2 1 224.1061 HAM 011980 2025-05-01 2022-08-04 c.4 2017-12-08 Books
    Dewey Decimal Classification     GRACE BIBLE COLLEGE GRACE BIBLE COLLEGE Biblical Studies 2017-12-08 3   224.1061 HAM 011981 2025-05-01 2022-08-10 c.5 2017-12-08 Books
    Dewey Decimal Classification     GRACE BIBLE COLLEGE GRACE BIBLE COLLEGE Biblical Studies 2017-12-08 4   224.1061 HAM 011978 2025-05-01 2024-09-11 c.2 2017-12-08 Books
    Dewey Decimal Classification     GRACE BIBLE COLLEGE GRACE BIBLE COLLEGE Biblical Studies 2018-08-03 5 1 224.1061 HAM 013578 2025-05-01 2025-01-27 c.6 2018-08-03 Books
© Grace Bible College Library 2025